_The Red Coat / Emmanuel Kariuki (Record no. 14449)
[ view plain ]
| 000 -LEADER | |
|---|---|
| fixed length control field | 00342nam a2200121Ia 4500 |
| 008 - FIXED-LENGTH DATA ELEMENTS--GENERAL INFORMATION | |
| fixed length control field | 151021s9999 xx 000 0 und d |
| 020 ## - INTERNATIONAL STANDARD BOOK NUMBER | |
| International Standard Book Number | 9.7899662554e+012 |
| 050 ## - LIBRARY OF CONGRESS CALL NUMBER | |
| Classification number | PR 9381.9.K33K65 2010 |
| 245 ## - TITLE STATEMENT | |
| Title | _The Red Coat / Emmanuel Kariuki |
| 260 ## - PUBLICATION, DISTRIBUTION, ETC. (IMPRINT) | |
| Place of publication, distribution, etc. | Nairobi : E.A.E.P., 2010 |
| 300 ## - PHYSICAL DESCRIPTION | |
| Extent | x,174 p. |
| 980 ## - EQUIVALENCE OR CROSS-REFERENCE-SERIES STATEMENT--PERSONAL NAME/TITLE [LOCAL, CANADA] | |
| Personal name | ^d20150603 10:05:40^okorir |
No items available.